00691nai a2200169Ia 4500003000900000008004100009022002200050022002300072040001600095245007500111260008600186310001400272362003000286521006900316650004600385856009000431IN-BaIIA211028c9999 xx s 000 0 eng d a1521-3331 (Print) a1557-9972 (Online) cIIA Library 0aIEEE Transactions on Components and Packaging Technologiesh[eJournal] aNew York, USAbThe Institute of Electrical and Electronics Engineers, Inc. (IEEE) aQuarterly a22(1); 1999 - 33(4); 2010 bSubscribed through National Knowledge Resource Consortium (NKRC) aComponents, Circuits, Devices and Systems uhttps://ieeexplore.ieee.org/servlet/opac?punumber=6144yClick Here to Access eJournal